000 00367 a2200109 4500
001 ART_10434
005 20260410161848.0
008 260409a
245 1 0 _aSobre la aplicabilidad del análisis por función de producción para Argentina
100 1 _aGuerberoff, Simón L.
773 0 _tEconómica
_g- Año XVIII, Nº 1 (ene./abr. 1972)
_wREV7541
999 _c24746
_d24746